LDR 00937naa#a2200217#i#450# 001 RU\\bibl\118652 005 20260417053643.5 011 ## _a1994-4683 100 ## _a20230428b2023####ek#y0rusy0150####ca 102 ## _aRU 200 1# _aОЦЕНКА ЭФФЕКТИВНОСТИ ПРОГРАММЫ ФИЗИЧЕСКОЙ ПОДГОТОВКИ ФУТБОЛИСТОВ 13-14 ЛЕТ _eЖурнальная статья 210 1# _aМосква _cНациональный государственный Университет физической культуры, спорта и здоровья им. П.Ф. Лесгафта _d2023 215 ## _a5 с. 608 ## _aЖурнальная статья _2local 675 ## _aФутбол. 796.332 _z 700 #1 _aАверьянов _gИ В 700 #1 _aМищенко _gС Н 700 #1 _aУмаров _gМ М 700 #1 _aСмирнов _gА Г 700 #1 _aЯрхамов _gР М 856 4# _auchzapiski.lesgaft.spb.ru _u